Synthetic detergents /

Guardat en:
Dades bibliogràfiques
Autor principal: McCutcheon, John W. (autor)
Format: Llibre
Idioma:anglès
Publicat: Nueva York, EUA : Mac Nair-Dorland, 1950, c1950
Matèries:
Etiquetes: Afegir etiqueta
Sense etiquetes, Sigues el primer a etiquetar aquest registre!

MARC

LEADER 00000nam^a2200000^a^4500
001 000067554
005 20250521000000.0
009 20260310091257.637
037 |a Acervo ITESO - Biblioteca 
041 |a ING 
082 |a 668. 14  |b McC 
100 |a McCutcheon, John W.  |e (autor) 
245 1 0 |a Synthetic detergents /  |c J.W. McCutcheon. 
264 4 |a Nueva York, EUA :  |b Mac Nair-Dorland,  |c 1950, c1950 
300 |a 435 p. 
336 |a texto  |b txt  |2 rdacontenido 
337 |a sin mediación  |b n  |2 rdamedio 
338 |a volumen  |b nc  |2 rdasoporte 
649 |a XX 
650 |a Industria Jabonera 
650 |a Detergentes 
650 |a Ingeniería Química 
910 |a Fondo General 
920 |a Impresos - Libros 
930 |a Colección General 
905 |a 101 
901 |a 0500023523  |b IT1  |c ACC  |u 20250521 
902 |a https://opac.biblio.iteso.mx/vufind/Record/000067554